书目信息 |
| 书名: | Production management | |
| 作者: | Keith Lockyer. | |
| 分册号: | ||
| 分册名: | 出版地: | London : |
|
| 出版社: | Pitman | |
| 出版时间: | 1983. | |
| 页数: | xv, 557 p. : | |
| 开本: | 23 cm. | |
| 丛书名: | ||
| 中图分类号: | ||
| 科图分类号: | ||
| 其他分类号: | F27 | |
| 主题词: | ||
| 电子资源: | ||
| 000 | 00769nam 2000253 a 4500 | |
| 001 | E0737384991 | |
| 005 | 20070225102525.60 | |
| 008 | 040312s1983 enka b 001 eng d | |
| 020 | @a0273017713. | |
| 040 | @aNUL@cNUL | |
| 090 | @aF406.2/X4 | |
| 090 | @aF27 | |
| 093 | @aF406.2 @2 4 | |
| 099 | @dF27@ex1 | |
| 100 | 1 | @aLockyer, K. G. |
| 245 | 10 | @aProduction management / @cKeith Lockyer. |
| 250 | @a4th ed. | |
| 260 | @aLondon :@bPitman,@c1983. | |
| 300 | @axv, 557 p. :@bill. ;@c23 cm. | |
| 500 | @aFourth edition of Factory and production Management. | |
| 504 | @aIncludes bibliographical references and index. | |
| 650 | 0 | @aProduction management. |
| 700 | 0 | @aLockyer, K. G.@tFactory and production Management. |
| 920 | @a232010@z2 | |
| Production management / / Keith Lockyer.-4th ed.-London : : Pitman, , 1983. |
| xv, 557 p. : : ill. ; ; 23 cm. |
| Fourth edition of Factory and production Management.-Includes bibliographical references and index. |
| ISBN 0273017713. |
| ● |
| 相关链接 |
|
|
|
|
正题名:Production management
索取号:F27/x1
 
预约/预借
| 序号 | 登录号 | 条形码 | 馆藏地/架位号 | 状态 | 备注 |
| 1 | 180956 | 001177675 | 第四借阅区/ [索取号:F27/x1] | 在馆 | |
| 2 | 180957 | 001177513 | 第二样本阅览室/ [索取号:F27/x1] | 在馆 |